Vol. 57, № 3; Offshore

Opis bibliograficzny
Parent link:Offshore: журнал. Vol. 57, № 3.— , 1996-1997.— 0030-0608
Język:angielski
Wydane: 1997
Format: Książka
KOHA link:https://koha.lib.tpu.ru/cgi-bin/koha/opac-detail.pl?biblionumber=570052

MARC

LEADER 00000nam2a2200000 4500
001 570052
005 20231101124927.0
035 |a (RuTPU)RU\TPU\prd\267565 
035 |a RU\TPU\prd\267559 
090 |a 570052 
100 |a 20161214c19979999k y0engy50 ba 
101 0 |a eng 
102 |a US 
200 0 |a Vol. 57, № 3 
210 |d 1997 
461 1 |0 (RuTPU)RU\TPU\prd\58  |x 0030-0608  |t Offshore  |o журнал  |v Vol. 57, № 3  |d 1996-1997 
801 0 |a RU  |b 63413507  |c 20010227  |g PSBO 
801 1 |a RU  |b 63413507  |c 20020228  |g PSBO 
801 2 |a RU  |b 63413507  |c 20161223  |g PSBO 
942 |c BK 
999 |a НТБ_ТПУ  |b НФ  |e -19/20160111  |p П-4499  |u 0  |v 1